000 01247nam a2200301 i 4500
003 EG-GICUC
005 20260124182040.0
008 260113s1975 ua ||||f |||| 00| 0 ara d
040 _a EG-GICUC
_bara
_c EG-GICUC
_d EG-GICUC
_erda
041 _aara
082 0 4 _221
_a345.82225
_bع ب . ق
092 0 4 _221
099 _aLaw1 07 345.82225 ع ب . ق 1975
100 0 _aعبد الحميد كمال حشيش
_eمؤلف.
245 1 2 _aالقرارات القابلة للانفصال وعقود الإدارة :
_bدراسة مقارنة في القانونين المصري والفرنسي /
_cالدكتور عبد الحميد كمال حشيش .
264 1 _aالقاهرة :
_bدار النهضة العربية ،
_c1975 .
300 _a59 ؛ صفحة
_c24 سم
336 _2rda content
_atext
337 _2rda media
_aComputer
338 _2rda carrier
_aOnline Resource
504 _aيشتمل على إرجاعات ببليوجرافية
650 1 4 _aالاختصاص بالقرارات القابلة للانفصال
_zمصر
_2qrmak
650 1 4 _aالقانون الإداري
_zفرنسا
651 1 _2qrmak
856 4 0 _uhttps://fll.law.cu.edu.eg/fulltext/bks/B07-03060.pdf
905 _a61
942 _2ddc
_cBK
_e21
_n0
999 _c56828
_d56828